| 000 | 00595nam a2200241I 4500 | ||
|---|---|---|---|
| 999 |
_c2681 _d2681 |
||
| 001 | 29630 | ||
| 003 | GBCCL | ||
| 005 | 20241126110436.0 | ||
| 008 | 770727s1960 miu 000 0 eng | ||
| 010 | _a 60051882 /L | ||
| 020 | _a0937931039 | ||
| 035 | _a(OCoLC)03143931 | ||
| 040 |
_aDLC _cIQU |
||
| 049 | _aLBBK | ||
| 050 | 0 |
_aPZ4.N398 _bSh |
|
| 082 |
_a813.54 _bNEI |
||
| 092 |
_a813.54 _bN397sh |
||
| 100 | 1 |
_aNeighbour, Ralph Webster, _d1906- _95647 |
|
| 245 | 1 | 4 | _aThe shining light. |
| 260 |
_aChattanooga, _bGlobal publishers _c1986. |
||
| 300 |
_a181 p. _c21 cm. |
||
| 942 |
_2ddc _cBK |
||